|
|
|
|
| LEADER |
00000cam a2200000 7i4500 |
| 001 |
0000000394 |
| 005 |
20000809.0 |
| 020 |
0 |
0 |
|a 0851988016
|
| 090 |
0 |
0 |
|a 634.9
|b TAU 1992
|
| 245 |
0 |
0 |
|a TAUNGYA: forest plantations with agriculture in Southeast Asia :
|b Interplanting crops can reduce land use conflicts and increase sustainability of forestry in less developed countries
|c edited by Carl F. Jordan, Jiragorn Gajaseni, Hiroyuki Watanabe
|
| 260 |
0 |
0 |
|a Wallingford, Oxon, UK :
|b C.A.B. International ,
|c 1992
|
| 300 |
|
|
|a xiv, 153 p. :
|b ill., map ;
|c 24 cm.
|
| 440 |
0 |
0 |
|a Sustainable rural development series; no. 1
|
| 500 |
0 |
0 |
|a Includes bibliographical references and index
|
| 650 |
0 |
0 |
|a Agriculture
|z Asia, Southeastern
|
| 650 |
0 |
0 |
|a Agroforestry
|z Asia, Southeastern
|
| 650 |
0 |
0 |
|a Forests and forestry
|z Asia, Southeastern
|
| 700 |
0 |
1 |
|a Gajaseni
|h Jiragorn ,
|c 1952-
|
| 700 |
0 |
1 |
|a Jordan
|h Carl F.
|
| 700 |
0 |
1 |
|a Watanabe
|h Hiroyuki ,
|c 1939-
|
| 999 |
|
|
|a 0000001527
|b Monograph
|c Open Shelf
|e Default branch
|